Ética de la informacin̤

Detalles Bibliográficos
Autor principal: Prats, Enric
Autor Corporativo: Universitat Oberta de Catalunya
Otros Autores: Buxarrais Estrada, Mara̕ Rosa, Tey, Amľia
Formato: Desconocido
Lenguaje:español
Publicado: Barcelona : UOC, 2004
Materias:
Acceso en línea:Acceso restringido

MARC

LEADER 00000ny a22000003n 4500
005 20110524141739.0
008 080612s2004 sp s 000 0 spa c
020 |a 8497881265 
035 |a 1262 
040 |a UMA.RE  |d vLex 
080 |a 070.11(0.034) 
090 |c 230  |d 230 
100 1 |a Prats, Enric 
245 1 0 |a Ética de la informacin̤  |h [Recurso electrn̤ico]  |c Enric Prats, Mara̕ Rosa Buxarrais, Aml̈ia Tey 
256 |a Servicio en ln̕ea 
260 |a Barcelona :  |b UOC,  |c 2004 
506 1 |a Contenido solo disponible en los productos indicados  |d vLex Global  |d vLex Global (Academic Edition, excluding Law Schools)  |d vLex Global (U.S. Academic Edition, Law Schools)  |d vLex Global (U.S. Academic Edition, excluding Law Schools)  |d vLex Global (Academic Edition, Law Schools) 
650 0 7 |a Datos personales  |2 Tesauro vLex 
650 0 7 |a Civil  |2 Tesauro vLex 
650 0 7 |a Derecho de informacin̤ en la recogida de datos  |2 Tesauro vLex 
650 0 7 |a Derecho de la informacin̤  |2 Tesauro vLex 
700 1 |a Buxarrais Estrada, Mara̕ Rosa 
700 1 |a Tey, Amľia 
710 2 |a Universitat Oberta de Catalunya 
740 0 |a vLex Libros (Servicios en ln̕ea) 
856 4 0 |u http://vlex.com/source/1262  |z Acceso restringido 
942 |c BOOK 
999 0 |a Civil Law   |b Barcelona